| 000 | 01151cab a22002895a 4500 | ||
|---|---|---|---|
| 001 | L144398 | ||
| 008 | 080716S2008 xxkO F g 000 0 eng d | ||
| 035 | _a(Sirsi) u144398 | ||
| 041 | 0 | _aeng | |
| 100 | 1 | _aIves, Paul | |
| 245 | 0 | 0 |
_aProperty hazards part 2 _bunderstanding the statutory regulations |
| 260 | _c2008 | ||
| 490 |
_aLetting Update Journal _v16(2) July 2008, 15-31(5) |
||
| 520 | _aSecond of two articles on property hazards (see also L143282). Discusses the existing legislation and various legal cases that have had significant influence on landlord responsibilities. Includes commentary on common parts, notice of hazards and safety regulations. | ||
| 650 | 2 | 4 | _aLANDLORD AND TENANT ACT 1985 S11 |
| 650 | 2 | 4 | _aDEFECTIVE PREMISES ACT 1972 |
| 650 | 2 | 4 | _aSYKES V HARRY |
| 650 | 2 | 4 | _aMCAULEY V BRISTOL CITY COUNCIL |
| 650 | 2 | 4 | _aALKER V COLLINGWOOD HOUSING ASSOCIATION |
| 650 | 2 | 4 | _aOCCUPIERS LIABILITY ACT 1957 |
| 650 | 2 | 4 | _aOCCUPIERS LIABILITY ACT 1984 |
| 650 | 2 | 4 | _aSIDDORN V PATEL |
| 650 | 2 | 4 | _aRENT ACT 1977 |
| 651 | 4 |
_aUnited Kingdom _y |
|
| 690 | _aPROPERTY-LEASEHOLD PROPERTY-LANDLORD AND TENANT | ||
| 942 | _n0 | ||
| 999 |
_c80456 _d80456 |
||